000 00552cab a2200205 4500
001 X97493
008 090401t1999 xxu||||| |||| 00| 0 eng d
035 _a(Sirsi) u92168
041 _aeng
245 _aParagon Finance and others v Freshfields
260 _c1999
350 _a0
490 _aNew Property Cases
_v[1999] NPC 33 (12/03/99)
650 _aMORTGAGES
650 _aPARAGON V FRESHFIELDS
650 _aPROFESSIONAL PRIVILEGE
690 _aMANAGEMENT-BUSINESS MANAGEMENT-PROFESSIONAL PRACTICE
942 _n0
948 _c17/03/1999
999 _c58435
_d58435